00000000nam 2200000zi 4500
0019.946794
003CaOODSP
00520250121091805
006m     o  d f      
007cr mn|||||||||
008250113t19771977onca    obu  f000 0 fre d
040 |aCaOODSP|bfre|erda|cCaOODSP
043 |an-cn---
0861 |aNR24-28/1977-2F-PDF
24500|aComportement au feu des matériaux de construction 1977 : |bsupplément no 2 du Code national du bâtiment du Canada / |cpublié par le Comité associé du Code national du bâtiment.
24610|aSupplément no 2 du Code national du bâtiment du Canada
250 |aTroisième édition française 1977.
264 1|aOttawa : |bConseil national de recherches du Canada, |c1977.
264 4|c©1977
300 |a1 ressource en ligne (ix, 34 pages) : |billustrations
336 |atexte|btxt|2rdacontent/fre
337 |ainformatique|bc|2rdamedia/fre
338 |aressource en ligne|bcr|2rdacarrier/fre
500 |aPublié aussi en anglais sous le titre : Fire performance ratings 1977 : supplement no. 2 to the National Building Code of Canada.
504 |aComprend des références bibliographiques (page 34).
520 |a« Les degrés de comportement au feu figurant au présent document suivent de près les exigences de comportement des matériaux ainsi que les prescriptions minimales du Code national du bâtiment et doivent être utilisés avec l'édition 1977 du Code » -- Préface, page vii.
650 6|aConstruction|xDroit|zCanada|vCodes.
650 6|aConstructions|xNormes|zCanada.
650 6|aIgnifuges|xNormes|zCanada.
7102 |aConseil national de recherches Canada. |bComité associé sur le Code national du bâtiment, |eorganisme de publication.
77508|tFire performance ratings 1977 : |w(CaOODSP)9.946792
795 |tCote de comportement au feu 1965 : |w(CaOODSP)9.946741
85640|qPDF|s1.90 Mo|uhttps://publications.gc.ca/collections/collection_2025/cnrc-nrc/NR24-28-1977-2-fra.pdf
986 |a15557F